Les 20 villes les plus peuplées par région française - Statistiques

Statistiques générales
  • Ce quiz a été pris 255 fois
    205 depuis la dernière actualisation
  • Le résultat moyen est 141 sur 270
Statistiques - réponses
Ville Population % Correct
Hauts de France 1 Nord Lille 233
97%
Provence Alpes Côtes d'Azur 1 Bouches du Rhône Marseille 868
92%
2 Alpes Maritimes Nice 341
91%
4 Bouches du Rhône Aix en Provence 143
90%
2 Somme Amiens 133
90%
Pays de la Loire 1 Loire Atlantique Nantes 314
90%
Occitanie 1 Haute Garonne Toulouse 486
90%
Île de France 1 Paris Paris 2 161
89%
3 Calvados Caen 105
88%
Auvergne Rhône Alpes 1 Rhone Lyon 518
88%
Bretagne 1 Ille et Vilaine Rennes 217
88%
2 Finistère Brest 139
87%
5 Vendée La Roche sur Yon 54
86%
2 Hérault Montpellier 290
86%
2 Seine Maritime Rouen 111
86%
Nouvelle Aquitaine 1 Gironde Bordeaux 257
85%
Bourgogne Franche Comté 1 Côte d'Or Dijon 156
85%
2 Loiret Orléans 116
85%
Grand Est 1 Bas Rhin Strasbourg 284
85%
3 Var Toulon 176
85%
Normandie 1 Seine Maritime Le Havre 169
84%
8 Drôme Valence 64
84%
5 Nord Dunkerque 86
83%
3 Isère Grenoble 157
83%
3 Moselle Metz 116
83%
Centre Val de Loire 1 Indre et Loire Tours 136
83%
2 Maine et Loire Angers 154
82%
5 Meurthe et Moselle Nancy 104
82%
2 Loire Saint Étienne 173
82%
6 Pas de Calais Calais 72
81%
3 Sarthe Le Mans 143
81%
5 Vaucluse Avignon 91
80%
14 Ain Bourg en Bresse 41
80%
3 Gard Nîmes 149
80%
4 Pyrénées Orientales Perpignan 119
80%
3 Finistère Quimper 63
80%
2 Marne Reims 182
80%
3 Seine Saint Denis Saint Denis 112
80%
Outre Mer 1 Réunion Saint Denis 150
80%
6 Haute Savoie Annecy 128
79%
2 Hauts de Seine Boulogne Billancourt 121
79%
13 Pas de Calais Boulogne sous Mer 40
79%
5 Puy de Dôme Clermont Ferrand 146
79%
4 Pyrénées Atlantiques Pau 76
79%
3 Vienne Poitiers 88
79%
11 Pas de Calais Arras 41
78%
2 Doubs Besançon 116
78%
6 Alpes Maritimes Cannes 73
78%
5 Charente Maritime La Rochelle 76
78%
4 Morbihan Lorient 57
78%
3 Nord Roubaix 98
78%
4 Manche Cherbourg en Cotentin 79
77%
4 Haut Rhin Mulhouse 108
77%
5 Morbihan Vannes 53
77%
9 Savoie Chambéry 58
76%
6 Haut Rhin Colmar 68
76%
5 Eure Évreux 46
76%
19 Pas de Calais Lens 31
76%
2 Haute Vienne Limoges 131
76%
7 Aube Troyes 61
76%
9 Aude Carcassonne 46
74%
6 Ille et Vilaine Saint Malo 46
74%
4 Nord Tourcoing 97
74%
5 Yonne Auxerre 34
73%
3 Territoire de Belfort Belfort 46
73%
5 Hérault Béziers 77
73%
7 Mayenne Laval 49
73%
4 Loire Atlantique Saint Nazaire 70
73%
4 Rhône Villeurbanne 150
73%
Corse 1 Corse du Sud Ajaccio 70
72%
4 Loir et Cher Blois 54
72%
9 Pyrénées Atlantiques Bayonne 51
71%
8 Oise Beauvais 56
71%
6 Eure et Loire Chartres 38
71%
5 Indre Châteauroux 43
71%
8 Deux Sèvres Niort 59
71%
2 Haute Corse Bastia 48
70%
3 Cher Bourges 64
70%
4 Saône et Loire Châlon sur Saône 44
70%
13 Yvelines Versailles 85
70%
8 Val de Marne Créteil 92
69%
6 Hauts de Seine Nanterre 98
69%
7 Côtes d'Armor Saint Brieuc 44
69%
10 Nord Valenciennes 43
69%
8 Tarn Albi 48
68%
12 Charente Angoulême 41
68%
6 Tarn et Garonne Montauban 60
67%
9 Aisne Saint Quentin 53
67%
8 Ardennes Charleville Mézières 46
66%
19 Hautes Alpes Gap 40
66%
15 Jura Lons le Saunier 17
66%
7 Aude Narbonne 55
66%
16 Manche Saint Lô 19
66%
15 Lot et Garonne Agen 33
65%
19 Landes Mont de Marsan 29
65%
11 Hautes Pyrénées Tarbes 42
65%
4 Val d'Oise Argenteuil 110
64%
13 Vosges Épinal 32
64%
6 Saône et Loire Mâcon 33
64%
7 Nièvre Nevers 33
64%
18 Dordogne Périgueux 30
64%
20 Aveyron Rodez 24
64%
5 Seine Saint Denis Montreuil 109
63%
10 Hérault Sète 43
63%
9 Orne Alençon 25
62%
12 Bouches du Rhône Arles 51
62%
10 Corrèze Brive la Gaillarde 46
62%
9 Var Hyères 55
62%
6 Gironde Mérignac 70
62%
7 Nord Villeneuve d'Ascq 62
62%
7 Alpes Maritimes Antibes 72
61%
12 Tarn Castres 41
61%
15 Nord Douai 39
61%
6 Martinique Fort de France 78
61%
10 Var Fréjus 53
61%
6 Maine et Loire Cholet 54
59%
13 Gard Alès 40
58%
8 Guyane Cayenne 63
57%
9 Marne Châlons en Champagne 44
57%
7 Gironde Pessac 64
57%
4 Réunion Saint Pierre 84
57%
18 Indre et Loire Saint Pierre des Corps 15
57%
7 Rhône Vénissieux 67
57%
14 Oise Compiègne 40
55%
10 Jura Dôle 23
55%
8 Var La Seyne sur Mer 62
55%
9 Vendée Les Sables d'Olonne 44
55%
15 Drôme Montélimar 39
55%
3 Nouvelle Calédonie Nouméa 94
54%
10 Moselle Thionville 40
54%
7 Seine Maritime Dieppe 28
53%
17 Bouches du Rhône Istres 43
53%
2 Réunion Saint Paul 103
53%
12 Côte d'Or Beaune 20
52%
17 Oise Creil 35
52%
8 Eure et Loire Dreux 30
52%
14 Bouches du Rhône Martigues 48
52%
8 Yonne Sens 26
52%
9 Seine Saint Denis Aubervilliers 87
51%
13 Alpes Maritimes Grasse 48
51%
20 Var Draguignan 39
50%
7 Mayotte Mamoudzou 71
50%
9 Doubs Montbéliard 25
50%
3 Corse du Sud Porto Vecchio 11
50%
16 Haute Saône Vesoul 14
50%
7 Val de Marne Vitry sur Seine 94
50%
18 Haute Marne Chaumont 21
49%
11 Finistère Concarneau 19
49%
10 Seine Saint Denis Aulnay sous Bois 86
48%
9 Ille et Vilaine Fougères 20
48%
10 Côtes d'Armor Lannion 20
48%
14 Calvados Lisieux 20
48%
9 Cher Vierzon 25
48%
10 Loire Atlantique Rezé 42
47%
8 Haute Corse Calvi 5
46%
18 Rhône Villefranche sur Saône 36
46%
15 Hérault Agde 29
45%
5 Réunion Le Tampon 79
45%
16 Haute Marne Saint Dizier 23
45%
8 Loire Atlantique Saint Herblain 46
45%
12 Guyane Saint Laurent du Maroni 45
45%
10 Rhône Vaulx en Velin 50
45%
18 Haute Garonne Blagnac 25
44%
6 Haute Corse Corte 7
44%
19 Hauts de Seine Issy les Moulineaux 68
44%
13 Maine et Loire Saumur 26
44%
15 Bouches du Rhône Aubagne 47
43%
11 Bas Rhin Haguenau 34
43%
7 Indre et Loire Joué lès Tours 38
43%
11 Gironde Talence 42
43%
11 Alpes Maritimes Cagnes sur Mer 51
42%
18 Nord Cambrai 35
42%
18 Réunion Le Port 33
42%
13 Pyrénées Atlantiques Anglet 39
41%
13 Rhône Bron 42
41%
16 Vienne Châtellerault 31
41%
18 Seine Saint Denis Drancy 72
41%
12 Hauts de Seine Asnières sur Seine 85
40%
17 Val de marne Saint Maur des Fossés 75
40%
19 Haute Savoie Annemasse 36
39%
14 Haute Garonne Colomiers 39
39%
17 Isère Échirolles 36
39%
20 Moselle Forbach 21
39%
15 Hauts de Seine Rueil Malmaison 77
39%
11 Hauts de Seine Colombes 82
38%
11 Rhône Saint Priest 46
38%
12 Nord Wattrelos 40
38%
16 Val de Marne Champigny sur Marne 77
37%
14 Hauts de Seine Courbevoie 82
37%
16 Isère Saint Martin d'Hères 38
37%
16 Bouches du Rhône Salon de Provence 45
37%
11 Guadeloupe Les Abymes 53
36%
16 Nord Marcq en Barœul 38
36%
20 Loiret Montargis 14
36%
14 Doubs Pontarlier 17
36%
12 Loiret Saint Jean de Braye 21
36%
14 Loiret Saint Jean de la Ruelle 16
36%
13 Seine Maritime Le Petit Quevilly 22
35%
8 Morbihan Lanester 23
34%
10 Seine Maritime Le Grand Quevilly 25
34%
20 Seine Saint Denis Noisy le Grand 68
34%
6 Seine Maritime Sotteville lès Rouen 28
34%
12 Rhône Caluire et Cuire 42
33%
19 Haute Garonne Muret 24
33%
17 Marne Épernay 22
32%
19 Morbihan Pontivy 14
32%
11 Saône et Loire Le Creusot 21
31%
17 Hérault Lunel 26
31%
20 Loire Saint Chamond 34
31%
11 Eure Vernon 23
31%
18 Alpes Maritimes Le Cannet 41
30%
12 Bas Rhin Schiltigheim 33
30%
16 Loir et Cher Vendôme 16
30%
20 Gironde Bègles 29
29%
15 Ille et Vilaine Cesson Sévigné 17
29%
12 Calvados Hérouville Saint Clair 22
29%
8 Seine Maritime Saint Étienne du Rouvray 28
29%
14 Meurthe et Moselle Vandœuvre lès Nancy 30
29%
19 Calvados Vire Normandie 16
29%
13 Ille et Vilaine Vitré 18
29%
18Seine Maritime Fécamp 18
28%
4 Haute Corse Borgo 8
27%
15 Bas Rhin Illkirch Graffenstaden 26
27%
20 Pas de Calais Liévin 30
27%
10 Réunion Saint Louis 53
27%
19 Saône et Loire Autun 13
26%
10 Loiret Olivet 22
26%
9 Réunion Saint André 56
26%
15 Réunion Saint Benoît 37
26%
17 Finistère Landerneau 15
25%
11 Loire Atlantique Saint Sébastien sur Loire 27
25%
16 Haute Garonne Tournefeuille 27
25%
11 Loiret Fleury les Aubrais 21
24%
13 Saône et Loire Montceau les Mines 17
24%
19 Moselle Montigny lès Metz 21
24%
14 Gironde Villenave d'Ornon 35
24%
12 Loire Atlantique Orvault 26
23%
13 Loir et Cher Romorantin Lanthenay 17
23%
19 Réunion Sainte Marie 33
21%
12 Ille et Vilaine Bruz 18
20%
20 Seine Maritime Elbeuf 16
20%
20 Finistère Guipavas 14
20%
13 Martinique Le Lamentin 40
20%
15 Seine Maritime Mont Saint Aignan 19
20%
14 Réunion Saint Joseph 37
20%
17 Gironde Saint Médard en Jalles 31
20%
17 Côte d'Or Chenôve 14
19%
9 Haute Corse Furiani 5
19%
5 Haute Corse Biguglia 7
18%
19 Vendée Challans 20
17%
17 Eure Louviers 18
17%
14 Morbihan Ploëmeur 17
16%
17 Réunion Saint Leu 34
16%
15 Loire Atlantique Vertou 25
16%
16 Côtes d'Armor Lamballe Armor 16
15%
17 Indre et Loire Saint Cyr sur Loire 15
15%
16 Maine et Loire Beaupréau en Mauges 23
14%
18 Morbihan Hennebont 15
14%
15 Loiret Saran 16
14%
18 Doubs Audincourt 13
13%
17 Loire Atlantique Couëron 21
13%
20 Côte d'Or Talant 11
13%
18 Maine et Loire Chemillé en Anjou 20
12%
19 Eure et Loire Lucé 15
11%
20 Vendée Montaigu Vendée 20
11%
16 Nouvelle Calédonie Dumbéa 35
10%
20 Guyane Matoury 32
10%
14 Maine et Loire Sèvremoine 25
10%
10 Haute Corse Ghisonaccia 4
3%
7 Haute Corse Lucciani 5
3%
Aucun quiz correspondant
Distribution des résultats
% des personnes avec chaque résultat
Percentile par nombre de réponses
Votre historique - résultats
Vous n’avez pas pris ce quiz depuis la dernière actualisation